América Latina y la segunda administración Bush: un debate sobre comercio
Gorde:
| Egile Nagusiak: | , |
|---|---|
| Formatua: | Liburua |
| Hizkuntza: | gaztelania ingelesa |
| Argitaratua: |
San José
Juricentro
2008
San José FLACSO 2008 |
| Edizioa: | 1a. ed |
| Gaiak: | |
| Etiketak: |
Etiketa erantsi
Etiketarik gabe, Izan zaitez lehena erregistro honi etiketa jartzen!
|
MARC
| LEADER | 00000nam a2200000 a 4500 | ||
|---|---|---|---|
| 001 | UCG5520 | ||
| 003 | CL-VaPUC | ||
| 008 | 110310e20080000cr |||||||||||||||||spa|d | ||
| 020 | |a 9789977681641 | ||
| 041 | 0 | 7 | |a spa |2 CL-VaPUC |
| 041 | 0 | 7 | |a eng |2 CL-VaPUC |
| 082 | 0 | 4 | |a 382 |b HER |2 21 |
| 100 | |a Hernández Milián, Jairo |e author |9 555243 | ||
| 700 | 0 | |a Lizano Picado, Ana Cristina |e author |9 555244 | |
| 245 | 1 | 0 | |a América Latina y la segunda administración Bush: un debate sobre comercio |
| 250 | |a 1a. ed | ||
| 300 | |a 135 p | ||
| 942 | |c BK | ||
| 945 | |d 20110310 00:00:00 |a dcastane | ||
| 260 | |a San José |b Juricentro |c 2008 | ||
| 260 | |a San José |b FLACSO |c 2008 | ||
| 600 | 0 | 7 | |a AMERICA DEL NORTE |2 CL-VaPUC |9 555245 |
| 600 | 0 | 7 | |a AMERICA LATINA |2 CL-VaPUC |9 540875 |
| 650 | 0 | |a Política comercial |9 259070 | |
| 650 | 7 | |a RELACIONES COMERCIALES |2 CL-VaPUC |9 322074 | |
| 650 | 0 | |a Comercio exterior |9 257617 | |
| 583 | |a last modification |c 20171116 04:24:49 |k Rodrigo Vera | ||
| 999 | |c 343997 |d 343995 | ||